Les pays d'origine des résidents en Australie - Statistiques

Statistiques générales
  • Ce quiz a été pris 122 fois
    108 depuis la dernière actualisation
  • Le résultat moyen est 18 sur 28
Statistiques - réponses
Rang Pays d'origine Population arrondie % Correct
3 Chine 394 000
98%
13 Etats-Unis 77 000
98%
1 Royaume-Uni 1 100 000
97%
2 Nouvelle-Zélande 484 000
92%
27 Canada 39 000
91%
18 Indonésie 63 000
91%
4 Inde 295 000
90%
10 Allemagne 108 000
87%
5 Italie 185 500
83%
6 Vietnam 185 000
78%
16 Corée-du-Sud 74 500
76%
7 Philippines 171 000
75%
8 Afrique-du-Sud 146 000
73%
17 Irlande 67 500
73%
24 Thaïlande 45 500
73%
9 Malaisie 117 000
72%
19 Fidji 57 000
58%
11 Grèce 99 500
56%
21 Pologne 48 500
55%
15 Pays-Bas 76 000
54%
12 Sri Lanka 86 500
51%
28 Egypte 36 500
45%
21 Singapour 48 500
45%
23 Irak 48 000
39%
20 Croatie 49 000
29%
14 Liban 76 500
28%
26 Macédoine 40 000
13%
25 Malte 41 000
13%
Aucun quiz correspondant
Distribution des résultats
% des personnes avec chaque résultat
Percentile par nombre de réponses
Votre historique - résultats
Vous n’avez pas pris ce quiz depuis la dernière actualisation